000 00413nam a2200145Ia 4500
008 220217s9999||||xx |||||||||||||| ||und||
020 _a978-81-775-8569-8
082 _a004.65 STA
100 _aStallings, Willam
245 0 _aHigh speed networks and internets
250 _a2nd
260 _aPearson education of asia
_bNew Delhi
_c2011
300 _aXVII,715p.;28cm
_b550
650 _aCOMPUTER NETWORK
999 _c181225
_d181225